[Event "21. SCHACHFESTIVAL BASEL 2019 -- MASTER "]
[Site "?"]
[Date "2019.01.05"]
[Round "6.17"]
[White "Ananya, Rishi Gupta"]
[Black "Bub, Volker"]
[Result "1-0"]
[WhiteElo "1976"]
[BlackElo "2108"]
[PlyCount "101"]
[EventDate "2019.01.02"]

1. e4 c5 2. c3 Nf6 3. e5 Nd5 4. d4 cxd4 5. Nf3 Nc6 6. cxd4 d6 7. Bc4 Nb6 8. Bb5
dxe5 9. dxe5 Qxd1+ 10. Kxd1 Bd7 11. Nc3 O-O-O 12. Ke2 f6 13. exf6 exf6 14. Be3
Re8 15. Rhe1 Bc5 16. Kd2 Bxe3+ 17. Rxe3 Rxe3 18. Kxe3 Re8+ 19. Kd2 a6 20. Be2
Bf5 21. Rd1 g5 22. h3 Bg6 23. Kc1 Nb4 24. Rd2 Kc7 25. a3 Nc6 26. Bd3 Bxd3 27.
Rxd3 Re7 28. Nd4 Nxd4 29. Rxd4 Re2 30. Rd2 Re6 31. Kd1 h5 32. Nd5+ Nxd5 33.
Rxd5 Rd6 34. Rd2 Kc6 35. Ke2 Rxd2+ 36. Kxd2 f5 37. Ke3 Kd5 38. h4 gxh4 39. Kf4
Kc4 40. Kxf5 Kb3 41. Kg5 Kxb2 42. f4 b5 43. f5 Kxa3 44. f6 b4 45. f7 b3 46.
f8=Q+ Ka2 47. Qa8 b2 48. Qxa6+ Kb1 49. Kxh4 Kc1 50. Kxh5 b1=Q 51. Qf1+ 1-0

[Event "21. SCHACHFESTIVAL BASEL 2019 -- MASTER "]
[Site "?"]
[Date "2019.01.05"]
[Round "6.18"]
[White "Haenggi, Markus"]
[Black "Wirz, Heinz"]
[Result "1-0"]
[WhiteElo "2064"]
[BlackElo "2099"]
[PlyCount "77"]
[EventDate "2019.01.02"]

1. e4 e6 2. c4 d5 3. exd5 exd5 4. d4 Nf6 5. Nc3 Be7 6. Nf3 O-O 7. Bd3 dxc4 8.
Bxc4 Bg4 9. O-O Nbd7 10. h3 Bh5 11. Re1 Nb6 12. Bb3 c6 13. Bf4 Re8 14. Re5 Bd6
15. Rxe8+ Nxe8 16. Bg5 Be7 17. Bxe7 Qxe7 18. g4 Bg6 19. Ne5 Rd8 20. f4 c5 21.
f5 Rxd4 22. Qe1 Nd6 23. fxg6 hxg6 24. Nxf7 Qxe1+ 25. Rxe1 c4 26. Nxd6 cxb3 27.
Re8+ Kh7 28. Nf7 g5 29. axb3 Kg6 30. Ne5+ Kf6 31. Nf3 Rb4 32. Ne4+ Kf7 33. Nd6+
Kf6 34. Nd2 Nd5 35. N2e4+ Kg6 36. Re5 Nf4 37. Rxg5+ Kh7 38. Rb5 Rd4 39. Rxb7
1-0

[Event "21. SCHACHFESTIVAL BASEL 2019 -- MASTER "]
[Site "?"]
[Date "2019.01.06"]
[Round "7.1"]
[White "Malakhatko, Vadim"]
[Black "Krishna, C R G."]
[Result "0-1"]
[WhiteElo "2533"]
[BlackElo "2469"]
[PlyCount "104"]
[EventDate "2019.01.02"]

1. d4 d5 2. c4 c6 3. Nc3 Nf6 4. e3 a6 5. Nf3 Bf5 6. Qb3 b5 7. c5 a5 8. Ne5 a4
9. Qd1 g6 10. Be2 Bg7 11. O-O O-O 12. g4 Be6 13. f3 Qc8 14. Nd3 Na6 15. Bd2 Ne8
16. f4 f6 17. Be1 Nec7 18. Bg3 Qd7 19. b3 a3 20. b4 Qc8 21. Rb1 Nb8 22. Rb3 Nd7
23. h4 Bf7 24. g5 Re8 25. Nf2 Be6 26. Bd3 Nf8 27. Qc2 Bd7 28. Ne2 Bh8 29. Qc1
e5 30. gxf6 e4 31. Bc2 Bxf6 32. Rxa3 Bf5 33. Rxa8 Qxa8 34. Bb3 Nfe6 35. Kg2 Ng7
36. a3 Nce6 37. Qc3 Nh5 38. Kg1 Re7 39. Ra1 Ra7 40. Qb2 Neg7 41. Bd1 Be6 42. a4
Kh8 43. a5 Qd8 44. Qc3 Bxh4 45. Bh2 Bxf2+ 46. Kxf2 Qh4+ 47. Kg1 Nf5 48. Kg2
Qg4+ 49. Ng3 Nh4+ 50. Kf2 Qh3 51. Nf1 Qg2+ 52. Ke1 Bh3 0-1

[Event "21. SCHACHFESTIVAL BASEL 2019 -- MASTER "]
[Site "?"]
[Date "2019.01.06"]
[Round "7.2"]
[White "Chatalbashev, Boris"]
[Black "Narayanan.S.L"]
[Result "1/2-1/2"]
[WhiteElo "2531"]
[BlackElo "2575"]
[PlyCount "58"]
[EventDate "2019.01.02"]

1. d4 Nf6 2. c4 e6 3. Nc3 Bb4 4. Nf3 O-O 5. Bg5 c5 6. e3 cxd4 7. exd4 d5 8.
cxd5 exd5 9. Be2 h6 10. Bxf6 Qxf6 11. O-O Bxc3 12. bxc3 Nc6 13. Qb3 Rd8 14.
Rfe1 Qd6 15. Bd3 b6 16. Ne5 Be6 17. Nxc6 Qxc6 18. Re3 Bd7 19. a4 Re8 20. Bb5
Qd6 21. Qb4 Qxb4 22. cxb4 Bxb5 23. axb5 Kf8 24. Kf1 Re7 25. Rxe7 Kxe7 26. Ke2
Kd6 27. Kd3 h5 28. h4 f6 29. g3 Ke6 1/2-1/2

[Event "21. SCHACHFESTIVAL BASEL 2019 -- MASTER "]
[Site "?"]
[Date "2019.01.06"]
[Round "7.3"]
[White "Boricha, Ketan"]
[Black "Perske, Thore"]
[Result "0-1"]
[WhiteElo "2095"]
[BlackElo "2441"]
[PlyCount "76"]
[EventDate "2019.01.02"]

1. e4 e6 2. d4 d5 3. Bd3 dxe4 4. Bxe4 Nf6 5. Bf3 c5 6. Ne2 Nc6 7. Be3 cxd4 8.
Nxd4 Ne5 9. O-O Be7 10. Nc3 O-O 11. Qe2 a6 12. Rad1 Qc7 13. Rfe1 Ng6 14. Nb3
Bd7 15. Bd4 Rac8 16. Qe3 Bc6 17. Bxc6 Qxc6 18. Na5 Qc7 19. Bb6 Ng4 20. Bxc7
Nxe3 21. Rd7 Nxc2 22. Rc1 Nb4 23. Nxb7 Rfe8 24. Nd6 Rxc7 25. Rxc7 Bxd6 26. Rd7
Bf4 27. Rcd1 Be5 28. Ra7 Bxc3 29. bxc3 Nxa2 30. Rdd7 Rf8 31. Rdc7 Nf4 32. c4
Nb4 33. g3 Ne2+ 34. Kf1 Nd4 35. Rab7 a5 36. Ra7 Ndc6 37. Rab7 a4 38. Rb6 a3 0-1

[Event "21. SCHACHFESTIVAL BASEL 2019 -- MASTER "]
[Site "?"]
[Date "2019.01.06"]
[Round "7.4"]
[White "Beukema, Stefan"]
[Black "Shah, Rishab"]
[Result "1-0"]
[WhiteElo "2414"]
[BlackElo "2086"]
[PlyCount "95"]
[EventDate "2019.01.02"]

1. e4 c5 2. Nf3 d6 3. d4 cxd4 4. Nxd4 Nf6 5. Nc3 g6 6. Be2 Bg7 7. Be3 O-O 8.
O-O Nc6 9. Nb3 Be6 10. f3 Rc8 11. Nd5 Nd7 12. Rb1 a6 13. c4 Nce5 14. Rc1 Bxd5
15. exd5 Nf6 16. Qd2 Qd7 17. Rfd1 Qa4 18. Qa5 Qxa5 19. Nxa5 b5 20. cxb5 axb5
21. Bxb5 Rxc1 22. Bxc1 Rc8 23. f4 Ned7 24. Nc6 Kf8 25. Be3 Ng4 26. Bd4 Bxd4+
27. Rxd4 Nb6 28. a4 Nf6 29. g4 Nfxd5 30. a5 Na8 31. Rxd5 Nc7 32. Bc4 Nxd5 33.
Bxd5 e6 34. b4 exd5 35. b5 Ke8 36. b6 Rxc6 37. b7 Rc1+ 38. Kf2 Rb1 39. a6 Ke7
40. Ke3 Kd7 41. a7 Rxb7 42. a8=Q Rb5 43. Qa4 Kc6 44. Kd4 Kb6 45. Qxb5+ Kxb5 46.
Kxd5 f5 47. gxf5 gxf5 48. Kxd6 1-0

[Event "21. SCHACHFESTIVAL BASEL 2019 -- MASTER "]
[Site "?"]
[Date "2019.01.06"]
[Round "7.5"]
[White "Bartakke, Amardeep S"]
[Black "Gomes, Mary Ann"]
[Result "1/2-1/2"]
[WhiteElo "2249"]
[BlackElo "2296"]
[PlyCount "53"]
[EventDate "2019.01.02"]

1. e4 c5 2. Nf3 d6 3. c3 Nf6 4. h3 g6 5. Bd3 Nc6 6. Bc2 Bg7 7. O-O e5 8. Re1
O-O 9. d3 b6 10. Nbd2 h6 11. a4 Be6 12. Nc4 Qc7 13. Ne3 Rad8 14. Nh2 d5 15. Qf3
dxe4 16. dxe4 Nd4 17. cxd4 cxd4 18. Bb1 dxe3 19. Bxe3 Ne8 20. Rc1 Qe7 21. a5
Qb4 22. axb6 axb6 23. Ra6 Rb8 24. Qd1 Nd6 25. Ra4 Qb5 26. Bd3 Qd7 27. Rca1
1/2-1/2

[Event "21. SCHACHFESTIVAL BASEL 2019 -- MASTER "]
[Site "?"]
[Date "2019.01.06"]
[Round "7.6"]
[White "Hort, Vlastimil"]
[Black "Faibisovich, Vadim Z"]
[Result "1/2-1/2"]
[WhiteElo "2419"]
[BlackElo "2304"]
[PlyCount "115"]
[EventDate "2019.01.02"]

1. c4 e5 2. Nc3 Nf6 3. Nf3 Nc6 4. e3 Be7 5. a3 O-O 6. Qc2 d6 7. b4 Re8 8. Be2
Bf8 9. d3 g6 10. Bb2 Bg7 11. O-O a5 12. b5 Nb8 13. Nd2 Nbd7 14. Bf3 Nc5 15.
Nde4 Nfxe4 16. Nxe4 Rb8 17. Rfe1 Bf5 18. Rad1 Bxe4 19. Bxe4 Nxe4 20. dxe4 b6
21. a4 Qe7 22. Rd5 Qe6 23. h3 h5 24. Kh2 h4 25. Bc3 f6 26. f4 g5 27. Qf2 Rf8
28. Qf3 Rbe8 29. Bd2 Re7 30. g3 hxg3+ 31. Qxg3 Bh6 32. Kg2 Rg7 33. f5 Qe8 34.
Qg4 Rff7 35. Rd1 Rh7 36. Be1 Bf8 37. Bg3 Rfg7 38. Rh1 Qh5 39. Kf3 Qxg4+ 40.
Kxg4 Be7 41. Rb1 Kf8 42. Rd2 Ke8 43. Rh2 Kf7 44. Rbh1 Kg8 45. Be1 Bf8 46. Rg2
Kf7 47. Kf3 Rh5 48. Ke2 Rgh7 49. Rgh2 R5h6 50. Kd3 Be7 51. Bg3 Bf8 52. Ke2 Be7
53. Kf3 Bf8 54. Kg4 Be7 55. Rd1 Ke8 56. Rdd2 Bf8 57. Rdg2 Kf7 58. Be1 1/2-1/2

[Event "21. SCHACHFESTIVAL BASEL 2019 -- MASTER "]
[Site "?"]
[Date "2019.01.06"]
[Round "7.7"]
[White "Petre, Nad-Titus"]
[Black "Curien, Nicolas"]
[Result "1-0"]
[WhiteElo "2308"]
[BlackElo "2214"]
[PlyCount "191"]
[EventDate "2019.01.02"]

1. c4 e6 2. Nf3 d5 3. d4 Nf6 4. g3 Bb4+ 5. Bd2 Be7 6. Bg2 O-O 7. Qc2 c6 8. O-O
b6 9. Bf4 Bb7 10. Rd1 Nbd7 11. Nc3 Nh5 12. Bc1 Nhf6 13. Bf4 Nh5 14. Bc1 Nhf6
15. b3 c5 16. cxd5 Nxd5 17. Nxd5 Bxd5 18. e4 Bb7 19. dxc5 Bxc5 20. Ne5 Nxe5 21.
Rxd8 Rfxd8 22. Bg5 f6 23. Bf4 Nd3 24. Be3 Bxe3 25. fxe3 Rac8 26. Qe2 e5 27. Rd1
Ba6 28. Bf1 Nc5 29. Qg4 Bxf1 30. Kxf1 Kf7 31. Rd5 g6 32. b4 Ne6 33. Qd1 Re8 34.
Rd7+ Re7 35. Qd6 Rce8 36. h4 h5 37. Ke2 Rxd7 38. Qxd7+ Re7 39. Qd5 Rc7 40. Kf3
Re7 41. g4 hxg4+ 42. Kxg4 Kg7 43. Qd6 Kf7 44. h5 gxh5+ 45. Kxh5 Ng7+ 46. Kh6
Ne6 47. Qd5 Re8 48. Qb7+ Re7 49. Qa8 Nf8 50. a4 Rd7 51. Qc6 Ke7 52. Kg7 Ne6+
53. Kg6 Rc7 54. Qa8 Nd8 55. a5 bxa5 56. bxa5 Rd7 57. Qb8 Ke6 58. Qb3+ Ke7 59.
Qg8 Kd6 60. Kxf6 Nc6 61. a6 Kc7 62. Qb3 Kd6 63. Qd5+ Kc7 64. Qb5 Kd6 65. Qb3
Re7 66. Qa3+ Kd7 67. Qd3+ Kc7 68. Qb5 Rd7 69. Qb7+ Kd6 70. Qc8 Rh7 71. Qf8+ Kc7
72. Ke6 Rd7 73. Qc5 Rd8 74. Qa3 Rd7 75. Qf8 Rh7 76. Kd5 Rd7+ 77. Kc5 Nb8 78.
Qf6 Kc8 79. Kb5 Rd1 80. Qh8+ Kd7 81. Qg7+ Kd6 82. Qf8+ Kd7 83. Qg7+ Kd6 84.
Qxa7 Rb1+ 85. Kc4 Rc1+ 86. Kb3 Nc6 87. Qa8 Ra1 88. Kb2 Ra5 89. Qb7 Kc5 90. Kc3
Ra3+ 91. Kd2 Ra2+ 92. Ke1 Ra5 93. Kf2 Rb5 94. Qc7 Ra5 95. Qxa5+ Nxa5 96. a7 1-0

[Event "21. SCHACHFESTIVAL BASEL 2019 -- MASTER "]
[Site "?"]
[Date "2019.01.06"]
[Round "7.8"]
[White "Heinemann, Josefine"]
[Black "Roe, Simon J"]
[Result "1-0"]
[WhiteElo "2304"]
[BlackElo "2210"]
[PlyCount "77"]
[EventDate "2019.01.02"]

1. e4 Nf6 2. e5 Nd5 3. d4 d6 4. c4 Nb6 5. exd6 exd6 6. Nc3 Be7 7. Bd3 Nc6 8.
Nge2 Bg4 9. Be3 Bf6 10. f3 Bh5 11. O-O Bg6 12. Bxg6 hxg6 13. b3 d5 14. c5 Nc8
15. b4 N8e7 16. b5 Na5 17. g4 Nc4 18. Bf2 g5 19. Re1 Kf8 20. Qd3 Ng6 21. Bg3
Nh4 22. Kf2 Qd7 23. a4 g6 24. Rab1 Kg7 25. Nc1 Rae8 26. Nb3 c6 27. h3 Rxe1 28.
Rxe1 Re8 29. Rxe8 Qxe8 30. a5 a6 31. b6 Qe6 32. Qe2 Kf8 33. Qxe6 fxe6 34. Nb5
Ke7 35. Nc7 e5 36. Nxa6 Kd7 37. Nb4 Kc8 38. a6 bxa6 39. Nxa6 1-0

[Event "21. SCHACHFESTIVAL BASEL 2019 -- MASTER "]
[Site "?"]
[Date "2019.01.06"]
[Round "7.9"]
[White "Beukema, Jasper"]
[Black "Simon, Ralf-Axel"]
[Result "1-0"]
[WhiteElo "2290"]
[BlackElo "2075"]
[PlyCount "52"]
[EventDate "2019.01.02"]

1. d4 d5 2. Bf4 c5 3. e3 Nc6 4. Nc3 cxd4 5. exd4 Bf5 6. Nf3 e6 7. Bd3 Bg6 8.
Ne2 Bd6 9. c3 Nge7 10. Qd2 Qc7 11. Bxd6 Qxd6 12. Nf4 Bxd3 13. Nxd3 O-O 14. O-O
Rab8 15. Nfe5 Nxe5 16. Nxe5 f6 17. Nd3 e5 18. dxe5 fxe5 19. Rfe1 Nc6 20. Rad1
Rbd8 21. Qe3 d4 22. cxd4 exd4 23. Qc1 Rfe8 24. Nc5 Qd5 25. Nxb7 Ne5 26. Nc5 d3
{Zeit} 1-0

[Event "21. SCHACHFESTIVAL BASEL 2019 -- MASTER "]
[Site "?"]
[Date "2019.01.06"]
[Round "7.10"]
[White "Hess, Christian Mathias"]
[Black "Oparaugo, Thomas"]
[Result "1-0"]
[WhiteElo "2220"]
[BlackElo "2045"]
[PlyCount "45"]
[EventDate "2019.01.02"]

1. Nf3 d6 2. d4 Bg4 3. c4 Bxf3 4. gxf3 Nd7 5. f4 e5 6. fxe5 dxe5 7. Bg2 Qe7 8.
Nc3 Qb4 9. Bd2 O-O-O 10. Nb5 Qxc4 11. Nxc7 Qxd4 12. Nb5 Qb6 13. Rc1+ Kb8 14.
Qa4 Nc5 15. Qb4 Qe6 16. Qc3 a6 17. b4 axb5 18. bxc5 Ne7 19. Qa5 Qd7 20. Be3 Nd5
21. c6 Bb4+ 22. Qxb4 Nxe3 23. cxd7 1-0

[Event "21. SCHACHFESTIVAL BASEL 2019 -- MASTER "]
[Site "?"]
[Date "2019.01.06"]
[Round "7.11"]
[White "Hoffmann, Achim Gunter"]
[Black "Pernutz, Hans-Gerhard"]
[Result "1-0"]
[WhiteElo "2135"]
[BlackElo "2053"]
[PlyCount "55"]
[EventDate "2019.01.02"]

1. e4 c5 2. Nf3 Nc6 3. d4 cxd4 4. Nxd4 Nf6 5. Nc3 d6 6. Bc4 e6 7. Bb3 Be7 8.
O-O O-O 9. Be3 Bd7 10. Ndb5 Qb8 11. Bg5 a6 12. Bxf6 Bxf6 13. Nxd6 Rd8 14. Nc4
b5 15. Ne3 a5 16. a4 Nd4 17. Ng4 Nxb3 18. Nxf6+ gxf6 19. cxb3 bxa4 20. Qg4+ Kh8
21. Qh4 Kg7 22. f4 Qxb3 23. Rf3 Qb6+ 24. Kh1 Qxb2 25. Raf1 Bb5 26. Nxb5 Qxb5
27. e5 Rd3 28. Qg3+ 1-0

[Event "21. SCHACHFESTIVAL BASEL 2019 -- MASTER "]
[Site "?"]
[Date "2019.01.06"]
[Round "7.12"]
[White "Wenner, Tobias"]
[Black "Schmahl, Stephan"]
[Result "1/2-1/2"]
[WhiteElo "2125"]
[BlackElo "2111"]
[PlyCount "35"]
[EventDate "2019.01.02"]

1. Nf3 Nf6 2. c4 g6 3. g3 Bg7 4. Bg2 O-O 5. O-O d6 6. d4 Nbd7 7. Nc3 e5 8. e4
exd4 9. Nxd4 Re8 10. h3 Nc5 11. Re1 a5 12. Ndb5 Nfd7 13. Nd5 c6 14. Nxd6 cxd5
15. Nxe8 Qxe8 16. exd5 Qf8 17. f4 Nf6 18. g4 1/2-1/2

[Event "21. SCHACHFESTIVAL BASEL 2019 -- MASTER "]
[Site "?"]
[Date "2019.01.06"]
[Round "7.13"]
[White "Dekan, Hans"]
[Black "Perreard, Nicolas"]
[Result "0-1"]
[WhiteElo "2123"]
[BlackElo "2032"]
[PlyCount "104"]
[EventDate "2019.01.02"]

1. e4 e5 2. Nf3 Nf6 3. Nc3 Bb4 4. Bc4 Bxc3 5. dxc3 d6 6. Bg5 h6 7. Bh4 g5 8.
Bg3 O-O 9. Qd3 Nbd7 10. b4 b6 11. Nd2 Qe7 12. Nf1 Nh5 13. Ne3 Ndf6 14. Nd5 Nxd5
15. Bxd5 Rb8 16. Qf3 Nf6 17. Bc6 Bd7 18. Bxd7 Nxd7 19. h4 Kg7 20. hxg5 hxg5 21.
O-O-O Rh8 22. Qg4 Rxh1 23. Rxh1 Rh8 24. Rh3 f6 25. f3 Nf8 26. Rxh8 Kxh8 27. Qc8
Kg7 28. Qb7 Qd7 29. Qxa7 Ne6 30. Bf2 Qc6 31. Kb2 Nf4 32. a4 Kg6 33. Qa6 Nxg2
34. a5 Nh4 35. axb6 cxb6 36. Qxb6 Qxb6 37. Bxb6 Kf7 38. Bd8 Nxf3 39. b5 Ke8 40.
Bb6 g4 41. Kc1 Ng5 42. c4 Nxe4 43. Kd1 Kd7 44. Ke2 f5 45. Bg1 Nc5 46. Bf2 f4
47. Bg1 e4 48. Bd4 Ne6 49. Bb6 g3 50. Kf1 e3 51. Kg2 e2 52. Ba5 Nd4 0-1

[Event "21. SCHACHFESTIVAL BASEL 2019 -- MASTER "]
[Site "?"]
[Date "2019.01.06"]
[Round "7.14"]
[White "Bounlom, Jannik"]
[Black "Monteverde, Jonathan"]
[Result "1-0"]
[WhiteElo "1892"]
[BlackElo "2120"]
[PlyCount "73"]
[EventDate "2019.01.02"]

1. e4 e6 2. d4 d5 3. Nd2 Nf6 4. e5 Nfd7 5. Bd3 c5 6. c3 Nc6 7. Ne2 cxd4 8. cxd4
f6 9. Nf4 Nxd4 10. Qh5+ Ke7 11. exf6+ Nxf6 12. Ng6+ hxg6 13. Qxh8 Kf7 14. O-O
e5 15. Nb3 Nf5 16. Bg5 Be6 17. Rac1 Bd6 18. Qxd8 Rxd8 19. Nc5 Bc8 20. Bxf5 gxf5
21. f4 e4 22. Nb3 b6 23. Rfd1 d4 24. Rxd4 Ba6 25. Ra4 Bd3 26. Rxa7+ Kg6 27. g3
Re8 28. Bxf6 gxf6 29. Rd7 Bb4 30. a3 Bf8 31. Re1 Rc8 32. Rc1 Re8 33. Rdc7 e3
34. Rc8 Rxc8 35. Rxc8 Bd6 36. Rd8 Bc5 37. Nxc5 1-0

[Event "21. SCHACHFESTIVAL BASEL 2019 -- MASTER "]
[Site "?"]
[Date "2019.01.06"]
[Round "7.15"]
[White "Maloberti, David"]
[Black "Haenggi, Markus"]
[Result "1-0"]
[WhiteElo "2112"]
[BlackElo "2064"]
[PlyCount "79"]
[EventDate "2019.01.02"]

1. d4 d5 2. c4 dxc4 3. Nf3 c6 4. e3 b5 5. a4 e6 6. b3 Bb4+ 7. Bd2 Bxd2+ 8. Qxd2
a5 9. bxc4 b4 10. e4 Ne7 11. Bd3 O-O 12. O-O Ng6 13. e5 f5 14. exf6 gxf6 15.
Bxg6 hxg6 16. Qh6 Rf7 17. Qxg6+ Rg7 18. Qe4 e5 19. Rd1 Rg4 20. Qe3 Ra7 21. Re1
e4 22. Nfd2 f5 23. f3 Rgg7 24. fxe4 f4 25. Qd3 Bg4 26. Ra2 Nd7 27. e5 Nc5 28.
Qf1 Qxd4+ 29. Kh1 Nd3 30. Nb3 Qxc4 31. N1d2 Qd5 32. Re4 c5 33. Rc2 Bf5 34. Rec4
Rad7 35. Nxc5 Nxc5 36. Rxc5 Qb7 37. Rb2 Bh3 38. Nf3 Qxf3 39. Qxf3 Bxg2+ 40.
Rxg2 1-0

[Event "21. SCHACHFESTIVAL BASEL 2019 -- MASTER "]
[Site "?"]
[Date "2019.01.06"]
[Round "7.16"]
[White "Rahimi, Rahim"]
[Black "Ananya, Rishi Gupta"]
[Result "1-0"]
[WhiteElo "2060"]
[BlackElo "1976"]
[PlyCount "65"]
[EventDate "2019.01.02"]

1. Nf3 d5 2. d4 Nf6 3. h3 h6 4. Bf4 c6 5. c3 Bf5 6. Nbd2 e6 7. e3 Bd6 8. Bxd6
Qxd6 9. a4 Nbd7 10. b4 O-O 11. Qb3 Rfe8 12. c4 dxc4 13. Bxc4 Rf8 14. O-O e5 15.
dxe5 Nxe5 16. Nxe5 Qxe5 17. Nf3 Qe7 18. Nd4 Be4 19. f3 Bd5 20. e4 Bxc4 21. Qxc4
Rfe8 22. a5 Rac8 23. Nf5 Qc7 24. Rfd1 Red8 25. Qc5 Rxd1+ 26. Rxd1 Ra8 27. e5
Nd7 28. Qe7 Rd8 29. e6 Rf8 30. Rxd7 Qc8 31. exf7+ Kh8 32. Qe5 Qxd7 33. Qxg7#
1-0

[Event "21. SCHACHFESTIVAL BASEL 2019 -- MASTER "]
[Site "?"]
[Date "2019.01.06"]
[Round "7.17"]
[White "Staub, Gerhard"]
[Black "Vergara Anton, Diego"]
[Result "0-1"]
[WhiteElo "2010"]
[BlackElo "2040"]
[PlyCount "94"]
[EventDate "2019.01.02"]

1. e4 e6 2. b3 d5 3. Bb2 dxe4 4. Nc3 Nf6 5. Qe2 Be7 6. Nxe4 Nxe4 7. Qxe4 Bf6 8.
d4 Qd5 9. Bd3 Bd7 10. Qxd5 exd5 11. O-O-O O-O 12. Ne2 Nc6 13. c3 Rfe8 14. Ng3
Ne7 15. Rde1 Ng6 16. Bf5 Bxf5 17. Nxf5 Nf4 18. Rxe8+ Rxe8 19. Rd1 Nxg2 20. Ng3
Bh4 21. Kd2 Nf4 22. Kc2 Bxg3 23. fxg3 Nh3 24. Kd2 Ng5 25. Rf1 Re6 26. Kd3 Ne4
27. Rf5 c6 28. c4 Nf6 29. Bc1 g6 30. Rf1 Nd7 31. Be3 f5 32. Rc1 Nb6 33. Bf4 Re7
34. h4 h5 35. a4 dxc4+ 36. bxc4 Nxa4 37. Ra1 b5 38. cxb5 cxb5 39. d5 Nc5+ 40.
Kc3 Rd7 41. Rd1 Ne4+ 42. Kb4 a6 43. d6 Kf7 44. Ka5 Ke6 45. Re1 Rxd6 46. Bxd6
Kxd6 47. Kxa6 Nxg3 0-1

[Event "21. SCHACHFESTIVAL BASEL 2019 -- MASTER "]
[Site "?"]
[Date "2019.01.06"]
[Round "7.18"]
[White "Wirz, Heinz"]
[Black "Faraone, Ettore"]
[Result "1-0"]
[WhiteElo "2099"]
[BlackElo "2124"]
[PlyCount "67"]
[EventDate "2019.01.02"]

1. d4 g6 2. Nf3 Bg7 3. c4 Nf6 4. Nc3 O-O 5. e4 d6 6. Be2 e5 7. O-O Nc6 8. Be3
h6 9. d5 Ne7 10. Ne1 Ne8 11. Qd2 Kh7 12. c5 f5 13. f3 f4 14. Bf2 g5 15. cxd6
cxd6 16. Rc1 h5 17. a4 Ng6 18. Nb5 a6 19. Na3 g4 20. Kh1 g3 21. Bg1 h4 22. h3
Nh8 23. Nc4 Qg5 24. Bd3 Nf6 25. Nb6 Nh5 26. Nxa8 Bxh3 27. Nc7 Bxg2+ 28. Qxg2
Rf6 29. Qh3 g2+ 30. Nxg2 Qg3 31. Qxg3 Nxg3+ 32. Kh2 Nf7 33. Ne8 Nxf1+ 34. Bxf1
1-0